Language Quiz

Random Language or Letter Quiz

Middle X Quiz Stats

Quiz Updated Mar 13, 2013

Also try: The 'Middle' Quiz
Challenge
Share
Tweet
Embed
Score 0/20 Timer 04:00
0 Plays Today
Hint X word % Correct
Seconds in a minuteSixty
95.8%
Large US stateTexas
89%
Makers of Toy Story, Monsters, Inc....Pixar
87.8%
CabsTaxis
85.3%
37th US President Nixon
81.7%
Polished the carWaxed
79.8%
Sent document over a telephone lineFaxed
76.9%
A female foxVixen
62.7%
Soda or fruit juice used with alcoholMixer
60.4%
Pertaining to poisonToxic
59.3%
Hint X word % Correct
Mischievous fairyPixie
56.3%
Dog breed or pugilistBoxer
46.4%
The southern states Dixie
46.3%
Renée Zellweger's role in 'Chicago'Roxie
37.9%
CurvaceousBuxom
31.6%
Post Roman British settlerSaxon
27.5%
'The Incredible Hulk' actorBixby
22.7%
An expression of a general truthMaxim
19.3%
Site of the Ancient Egyptian city of ThebesLuxor
14.7%
Connected series or groupNexus
6.8%

You're not logged in!

Compare scores with friends on all Sporcle quizzes.
Sign Up with Email
OR
Log In

You Might Also Like...

Show Comments

Extras

Top Quizzes Today


Score Distribution

Your Account Isn't Verified!

In order to create a playlist on Sporcle, you need to verify the email address you used during registration. Go to your Sporcle Settings to finish the process.